Normal view
MARC view
Entry Personal Name
001 - CONTROL NUMBER
- control field: 30496
003 - CONTROL NUMBER IDENTIFIER
- control field: ARRUPE
005 - DATE AND TIME OF LATEST TRANSACTION
- control field: 20170504110859.0
008 - FIXED-LENGTH DATA ELEMENTS
- fixed length control field: 170504|| aca||aabn | a|a d
040 ## - CATALOGING SOURCE
- Original cataloging agency: ARRUPE
- Transcribing agency: ARRUPE
100 ## - HEADING--PERSONAL NAME
- Personal name: Lenoir, Philippe
670 ## - SOURCE DATA FOUND
- Source citation: Work cat.: (ARRUPE)30360: Lenoir, Philippe, Ile Maurice = Mauritius, 1974